Guide to measuring inforamtion and comunication technologies (ICT) in Education (Record no. 11203)

MARC details
000 -LEADER
campo de control de longitud fija 00423nam a2200145Ia 4500
001 - NÚMERO DE CONTROL
campo de control 120
008 - DATOS DE LONGITUD FIJA--INFORMACIÓN GENERAL
campo de control de longitud fija 241024s9999 xx 000 0 und d
020 ## - NÚMERO INTERNACIONAL ESTÁNDAR DEL LIBRO
Número Internacional Estándar del Libro 978-92-9189-078-1
082 ## - NÚMERO DE LA CLASIFICACIÓN DECIMAL DEWEY
Número de clasificación 310/U56g
100 ## - ENTRADA PRINCIPAL--NOMBRE DE PERSONA
Nombre de persona UNESCO, Institute for Statistics
245 #0 - MENCIÓN DEL TÍTULO
Título Guide to measuring inforamtion and comunication technologies (ICT) in Education
260 ## - PUBLICACIÓN, DISTRIBUCIÓN, ETC.
Nombre del editor, distribuidor, etc. UNESCO UIS
Fecha de publicación, distribución, etc. 2009
901 ## - ELEMENTOS DE DATOS A LOCAL LDA (RLIN)
a 19/10/2010 10:05:20 a.m.

No items available.

© 2024. Todos los Derechos Reservados. Desarrollado por IDEICE